| 000 | 00423pab a2200145 454500 | ||
|---|---|---|---|
| 008 | 180718b2014 xxu||||| |||| 00| 0 eng d | ||
| 100 | _aAlam Quddusi, Kazi S.M. Khasrul | ||
| 245 | _aEvolution of globlization: a chronological analysis | ||
| 260 | _c2014 | ||
| 300 | _ap.39-54. | ||
| 362 | _aJan- Mar | ||
| 650 | _aGlobalization | ||
| 773 | _aIASSI Quarterly - Contributions to Indian Social science | ||
| 909 | _a108754 | ||
| 999 |
_c108749 _d108749 |
||